Nubia Museum.
Corporate Authors: , ,
Other Authors:
Format: Book
Language: English
Published:
[Cairo] :
Ministry of Culture, Higher Council for Antiquities, Museums' Sector : Save Nubia Fund,
[199-].
Subjects:
Tags: Add Tag
Call Number: DT59 .A89 N83 1990
| LEADER | 00960nam a2200301 a 4500 | ||
|---|---|---|---|
| 001 | 4784 | ||
| 003 | OSt | ||
| 005 | 20260510044409.0 | ||
| 008 | 130303q19901999ua ab 000 0 eng d | ||
| 010 | |a 99895710 | ||
| 040 | |c ARCE Library | ||
| 042 | |a lcode | ||
| 043 | |a f-ua--- | ||
| 050 | 4 | |a DT59 .A89 N83 1990 | |
| 245 | 0 | 0 | |a Nubia Museum. |
| 264 | 1 | |a [Cairo] : |b Ministry of Culture, Higher Council for Antiquities, Museums' Sector : |b Save Nubia Fund, |c [199-]. | |
| 300 | |a 79 pages : |b illustrations (chiefly color), maps (some color) ; |c 24 cm. | ||
| 505 | 2 | |a "The history and culture of Nubia, compiled by Gaballa Ali Gaballa" : pages [13]-47. | |
| 610 | 2 | 0 | |a Nubia Museum. |
| 651 | 0 | |a Nubia |x Antiquities. | |
| 651 | 0 | |a Nubia |x History. | |
| 700 | 1 | |a Gaballa, G. A., | |
| 710 | 2 | |a Nubia Museum, | |
| 710 | 2 | |a Save Nubia Fund. | |
| 710 | 2 | |a Majlis al-Aʻlá lil-Āthār (Egypt). |b Museums' Sector. | |
| 901 | |a reviewed | ||
| 942 | |c BK |2 lcc | ||
| 999 | |c 7606 |d 7606 | ||
